| 000 -ლიდერი |
| ფიქსირებული სიგრძის საკონტროლო ველი |
01548nam a2200253Ia 4500 |
| 001 - საკონტროლო ნომერი |
| საკონტროლო ველი |
22319 |
| 003 - საკონტროლო ნომრის იდენტიფიკატორი |
| საკონტროლო ველი |
GE_BSU |
| 005 - ბოლო ოპერაციის თარიღი და დრო |
| საკონტროლო ველი |
20221221160939.0 |
| 008 - ფიქსირებული სიგრძის მონაცემთა ელემენტები - ზოგადი ინფორმაცია |
| ფიქსირებული სიგრძის საკონტროლო ველი |
181216s2018||||ge |||||||||||||| ||geo|| |
| 040 ## - კატალოგიზაციის წყარო |
| Transcribing agency |
GE_BSU |
| 041 ## - ენის კოდი |
| Language code of text/sound track or separate title |
geo |
| 080 ## - უნივერსალური ათობითი კლასიფიკაციის ინდექსი |
| Universal Decimal Classification number |
37 ფ-97 |
| 100 ## - მთავარი ჩანაწერი - პიროვნების სახელი |
| Personal name |
ფუტკარაძე, დალი |
| 9 (RLIN) |
10720 |
| 245 ## - ცნობა სათაურის შესახებ |
| Title |
ინკლუზიური განათლება სკოლამდელ დაწესებულებაში / |
| Statement of responsibility, etc |
დალი ფუტკარაძე; სამეცნ. ხელმძღვანელი გ. შერვაშიძე., ი. ბალანჩივაძე;ბსუ. განათლების ფაკულტეტი. პედაგოგიურ მეცნ. დეპარტამენტი |
| 264 ## - წარმოების, გამოცემის, დისტრიბუციის და სხვა ცნობები |
| გამოცემის, წარმოების, დისტრიბუციის... ადგილი |
ბათუმი, |
| გამოცემის, წარმოების, დისტრიბუციის... თარიღი |
2018. |
| 300 ## - ფიზიკური აღწერა |
| Extent |
200 გვ. |
| Other physical details |
30 სმ. |
| 653 ## - INDEX TERM--UNCONTROLLED |
| Uncontrolled term |
ინკლუზიური განათლება სკოლამდელ დაწესებულებაში |
| 653 ## - INDEX TERM--UNCONTROLLED |
| Uncontrolled term |
პედაგოგიკა |
| 653 ## - INDEX TERM--UNCONTROLLED |
| Uncontrolled term |
დისერტაცია |
| 700 ## - ADDED ENTRY--PERSONAL NAME |
| Personal name |
შერვაშიძე. გ. |
| Relator term |
სამეცნ. ხელმძღვანელი |
| 9 (RLIN) |
10721 |
| 700 ## - ADDED ENTRY--PERSONAL NAME |
| Personal name |
ბალანჩივაძე, ი. |
| Relator term |
სამეცნ. ხელმძღვანელი |
| 9 (RLIN) |
10722 |
| 710 ## - ADDED ENTRY--CORPORATE NAME |
| Corporate name or jurisdiction name as entry element |
ბსუ |
| Subordinate unit |
განათლების ფაკულტეტი. პედაგოგიურ მეცნ. დეპარტაამენტი |
| 9 (RLIN) |
10723 |
| 942 ## - ADDED ENTRY ELEMENTS (KOHA) |
| Koha item type |
დისერტაცია |
| Source of classification or shelving scheme |
|